Music Quiz

Random Music or Lyrics Quiz

Figure Out The Lyrics: One Direction II Quiz Stats

 Plays Quiz not verified by Sporcle

Challenge
Share
Tweet
Embed
Score 0/120 Timer 10:00
1 Play Today
% Correct
I
97.9%
I
97.9%
I
97.9%
you
96.3%
you
96.3%
you
96.3%
you
96.3%
you
96.3%
you
96.3%
you
96.3%
you
96.3%
you
96.3%
a
91.1%
me
88.4%
the
86.8%
the
86.8%
the
86.8%
the
86.8%
the
86.8%
it
84.7%
it
84.7%
it
84.7%
it
84.7%
your
84.5%
your
84.5%
in
84.2%
in
84.2%
to
82.6%
to
82.6%
to
82.6%
and
82.4%
You're
82.1%
You're
82.1%
you're
82.1%
you're
82.1%
what
81.1%
my
81.1%
what
81.1%
know
80.8%
can
80.8%
% Correct
know-oh-oh
80.8%
know
80.8%
know
80.8%
don't
80.5%
Don't
80.5%
don't
80.5%
don't
80.5%
don't
80.5%
for
79.5%
that
79.5%
that
79.5%
but
78.9%
but
78.9%
is
78.7%
Baby
78.7%
like
78.7%
on
78.4%
when
78.2%
are
78.2%
when
78.2%
when
78.2%
up
77.6%
up
77.6%
see
77.1%
So
76.8%
way
76.6%
way
76.6%
at
76.3%
beautiful
76.3%
beautiful
76.3%
else
75.8%
else
75.8%
else
75.8%
walk
75.5%
tell
75.5%
insecure
75.3%
light
75%
nobody
75%
door
74.7%
flip
74.7%
% Correct
hair
74.7%
gets
74.7%
I'm
74.7%
world
74.5%
need
74.2%
Everyone
74.2%
Everyone
74.2%
hard
74.2%
makes
74.2%
make-up
73.9%
room
73.9%
turning
73.7%
heads
73.7%
through
73.7%
why
73.7%
cover
73.4%
enough
73.4%
smile
73.4%
being
73.2%
being
73.2%
ground
72.9%
turn
72.9%
got
72.6%
overwhelmed
72.1%
That's
71.3%
ain't
71.1%
look
71.1%
shy
70.3%
eyes
70%
into
69.2%
right
67.6%
wrong
67.4%
song
66.6%
prove
66.1%
you've
65.8%
put
65.5%
c-c-come
65%
away
64.5%
Na na na na na na na na na
52.6%
Na na na na na na na
52.6%

You're not logged in!

Compare scores with friends on all Sporcle quizzes.
OR
Log In

You Might Also Like...

Show Comments

Extras

Top Quizzes Today


Score Distribution

Your Account Isn't Verified!

In order to create a playlist on Sporcle, you need to verify the email address you used during registration. Go to your Sporcle Settings to finish the process.

Report this User

Report this user for behavior that violates our Community Guidelines.

Details: